000 01001cam a2200241 4500
001 WB3734-16
008 010913n2001 000 0 eng u
035 _a(Sirsi) u114564
245 _aDesign for living
260 _c2001
490 _aDTLR News Release
_v(386) 11 September 2001, (2)
520 _aLord Falconer launches the "Better places to live, by design" guide, a joint publication by the DTLR and the Commission for Architecture and the Built Environment (CABE). The guide aims to encourage planners and architects to consider higher standards of housing design to improve local environments. A version of the guide will be made available via the DTLR website at http://www.dtlr.gov.uk.
590 _aWB
650 _aURBAN DESIGN
650 _aPLANNING
650 _aCOMMISSION FOR ARCHITECTURE AND THE BUILT ENVIRONMENT
650 _aDTLR
650 _aHOUSING DESIGN
650 _aSOCIAL REGENERATION
650 _aCRIME
690 _aHOUSING-DEVELOPMENT
942 _n0
999 _c68260
_d68260